| 000 | 00811cam a2200241 4500 | ||
|---|---|---|---|
| 001 | D2558 | ||
| 008 | 090401t xxu||||| |||| 00| 0 eng d | ||
| 035 | _a(Sirsi) u69589 | ||
| 041 | _aeng | ||
| 050 |
_a692.9 _c18 |
||
| 110 |
_aCommittee of Associations of Specialist Engineering Contractors _92493 |
||
| 245 | _aGuide to the JCT standard form of nominated sub-contract tender and agreement 1980 edition NSC/1 | ||
| 260 |
_aLondon _bCASEC _c[sd] |
||
| 300 |
_aix,12p. _c30cm |
||
| 350 | _a3 | ||
| 650 | _aJCT STANDARD FORMS OF NOMINATED SUB-CONTRACT | ||
| 650 | _aJCT STANDARD FORM OF NOMINATIED SUB-CONTRACT TENDER AND AGREEMENT (1980 EDITION) | ||
| 650 | _aNOMINATED SUBCONTRACTS | ||
| 650 | _aSUBCONTRACTS | ||
| 690 | _aBUILT ENVIRONMENT-BUILDING CONTRACT FORMS | ||
| 942 | _n0 | ||
| 948 | _c04/03/1997 | ||
| 999 |
_c95215 _d95215 |
||